000 00629cam a2200217 a 4500
001 000018578
005 20200929165827.0
008 750423s1969 fr 000 f fre d
035 _a(DLC) 73457070
035 _a(OCoLC)1294862
040 _aDO-SdBNP
_bspa
_cGEU
_dOCoLC
_dDLC
_dBNPHU
082 _a843.914
_bC582d
100 1 _aCixous, Hélène,
_d1937-
_940177
245 1 0 _aDedans :
_broman.
260 _aParís :
_bBernard Grasset,
_c1969.
300 _a209 p. ;
_c19 cm.
650 4 _aNovela francesa
_91075
650 4 _aLiteratura francesa
_ySIGLO XX
_94232
910 _aCatalogación por derivada / LC
049 _aBNGR
999 _c18098
_d18098